000 00644nam a2200157 a 4500
001 000047661
005 20201002060649.0
008 180716s2017 dr 000 0 spa d
040 _aDO-SdBNP
_bspa
_cBNPHU
082 _axxx
_bxxxx
245 0 0 _aSueños postergados :
_bla lucha de las personsa dominicanas de ascendencia haitiana por recuperar su nacionalidad /.
260 _aSanto Domingo :
_bRobert F. Kennedy human rights
_bAmerican jewish wold service
_bCentro de desarrollo sostenible
_bThe United nations democracy fund,
_c2017.
300 _a64 p. ;
_c29 cm.
590 _aInventariado, 2018/ YL
500 _aIncluye notas a pie de páginas
999 _c47149
_d47149